| 000 | 01232nam a22003377a 4500 | ||
|---|---|---|---|
| 003 | CHAP | ||
| 005 | 20220329140309.0 | ||
| 008 | 971013s1985 r 00010 d | ||
| 010 | _a49965 | ||
| 011 | _a50937 | ||
| 035 | _a55087 | ||
| 040 | _cCHAP | ||
| 090 | _aTesis | ||
| 100 | 0 | 0 |
_aVillarreal Hernández, Rafael Eduardo. _9119626 |
| 245 | _aJustificación económica de la implantación de un sistema de calefacción base diesel para el combate de heladas en la región de Arteaga, Coahuila | ||
| 260 |
_a(Monterrey, N.L.) : _bEl autor, _c1985 |
||
| 300 |
_a54 h. _b; gráfs. |
||
| 502 | _aTesis (Ing. Agrónomo Administrador) -- ITESM. Divisiónde Ciencias Agropecuarias y Marítimas | ||
| 590 |
_aALEPH _b10 _c20130110 _lUCH01 _h1323 |
||
| 590 |
_aBATCH-UPD _b10 _c20130110 _lUCH01 _h0629 |
||
| 590 |
_aBATCH-UPD _b10 _c20130110 _lUCH01 _h2352 |
||
| 590 |
_aBATCH-UPD _b10 _c20130410 _lUCH01 _h0312 |
||
| 590 |
_aBATCH-UPD _b10 _c20130914 _lUCH01 _h1126 |
||
| 590 |
_aCONVERSION _b10 _c20130109 _lUCH01 _h1327 |
||
| 650 | 1 | 4 |
_aClima _xCoahuila. _923821 |
| 650 | 1 | 4 |
_aCultivos y clima. _930392 |
| 650 | 1 | 4 |
_aHeladas _xEfecto en manzana. _953399 |
| 901 | _aBK | ||
| 942 | _cTESIS | ||
| 949 |
_bBC _cTES _d-121113 _eTS1 _h17858 _i55087 _si |
||
| 999 |
_c49965 _d49965 |
||